00706nam a22002177a 4500003000500000005001700005008004100022010001000063011001000073035001000083040000900093100003500102245014700137260004000284300002200324502008100346650001300427650002100440650001200461650001500473CHAP20220329141033.0971013s1997 r 00010 d a61678 a62650 a66825 cCHAP00aGarcía Arizpe, Juan Gabriel. aPruebas de calidad en piel utilizando sangre de drago (Jatropha dioica) Vs. quebracho (Schinopsis balansae) en un proceso de curtición mixto aBermejillo, Dgo. :bEl autor,c1997 a39 h.b: gráfs. aTesis (Ing. Agr. Esp. en Zonas Aridas) -- UACH. Departamento de Zonas Aridas14aCurtido.14aJatropha dioica.14aPieles.14aQuebracho.